|
|
|
|
| LEADER |
02830nam a2200697 i 4500 |
| 001 |
nkc20162795767 |
| 003 |
CZ PrNK |
| 005 |
20160617104921.0 |
| 007 |
ta |
| 008 |
160503s2016 xr abche 000 0bcze |
| 015 |
|
|
|a cnb002795767
|
| 020 |
|
|
|a 978-80-904925-4-7
|q (vázáno)
|
| 035 |
|
|
|a (OCoLC)951554401
|
| 040 |
|
|
|a BOA001
|b cze
|e rda
|
| 043 |
|
|
|a e-uk---
|a e-cs---
|a e-xr---
|b e-xr-vy
|2 czenas
|
| 045 |
|
|
|a x-x-
|
| 072 |
|
7 |
|a 358
|x Vojenské letectvo. Dělostřelectvo. Ženijní jednotky. Technické služby armády. Chemické vojsko
|2 Konspekt
|9 15
|
| 072 |
|
7 |
|a 929
|x Biografie
|2 Konspekt
|9 8
|
| 080 |
|
|
|a 358.4-051
|2 MRF
|
| 080 |
|
|
|a 358.4
|2 MRF
|
| 080 |
|
|
|a 355.469
|2 MRF
|
| 080 |
|
|
|a 355.48(100)"1939/1945"
|2 MRF
|
| 080 |
|
|
|a 929-058.1-027.541
|2 MRF
|
| 080 |
|
|
|a (437)
|2 MRF
|
| 080 |
|
|
|a (410)
|2 MRF
|
| 080 |
|
|
|a (437.324)
|2 MRF
|
| 080 |
|
|
|a (092)
|2 MRF
|
| 100 |
1 |
|
|a Pokorná, Eva
|7 xx0144654
|4 aut
|
| 245 |
1 |
0 |
|a Šest statečných :
|b osudy třebíčských letců v RAF /
|c Eva Pokorná
|
| 250 |
|
|
|a Vydání první
|
| 264 |
|
1 |
|a Třebíč :
|b Apis Press,
|c 2016
|
| 300 |
|
|
|a 254 stran :
|b ilustrace, 1 mapa, portréty, faksimile ;
|c 22 cm
|
| 336 |
|
|
|a text
|b txt
|2 rdacontent
|
| 336 |
|
|
|a statický obraz
|b sti
|2 rdacontent
|
| 337 |
|
|
|a bez média
|b n
|2 rdamedia
|
| 338 |
|
|
|a svazek
|b nc
|2 rdacarrier
|
| 500 |
|
|
|a 300 výtisků
|
| 504 |
|
|
|a Obsahuje bibliografii a bibliografické odkazy
|
| 610 |
1 |
7 |
|a Velká Británie.
|b Royal Air Force.
|b Squadron, 311
|7 olak2002112657
|2 czenas
|
| 648 |
|
7 |
|a 1939-1945
|7 ch460653
|2 czenas
|
| 648 |
|
7 |
|a 20. století
|7 ch460558
|2 czenas
|
| 650 |
0 |
7 |
|a vojenští letci
|7 ph127212
|z Československo
|y 1939-1945
|2 czenas
|
| 650 |
0 |
7 |
|a vojenské letectvo
|7 ph116625
|z Velká Británie
|y 1939-1945
|2 czenas
|
| 650 |
0 |
7 |
|a letecké operace
|7 ph115129
|z Velká Británie
|y 1939-1945
|2 czenas
|
| 650 |
0 |
7 |
|a druhá světová válka (1939-1945)
|7 ph117270
|z Velká Británie
|2 czenas
|
| 650 |
0 |
7 |
|a osobnosti regionu
|7 ph406516
|z Česko
|y 20. století
|2 czenas
|
| 650 |
0 |
9 |
|a military air pilots
|z Czechoslovakia
|y 1939-1945
|2 eczenas
|
| 650 |
0 |
9 |
|a air forces
|z Great Britain
|y 1939-1945
|2 eczenas
|
| 650 |
0 |
9 |
|a aerial operations
|z Great Britain
|y 1939-1945
|2 eczenas
|
| 650 |
0 |
9 |
|a World War (1939-1945)
|z Great Britain
|2 eczenas
|
| 650 |
0 |
9 |
|a regional celebrities
|z Czechia
|y 20th century
|2 eczenas
|
| 651 |
|
7 |
|a Třebíč (Česko)
|7 ge131185
|2 czenas
|
| 651 |
|
9 |
|a Třebíč (Czechia)
|2 eczenas
|
| 655 |
|
7 |
|a biografie
|7 fd131909
|2 czenas
|
| 655 |
|
9 |
|a biography
|2 eczenas
|
| 910 |
2 |
|
|a BOA001
|b 2-1368.221
|
| 990 |
|
|
|a BK
|
| 995 |
|
|
|a 01
|
| 991 |
|
|
|b 201605
|c NOV
|
| 996 |
6 |
|
|b 2610669781
|c 2-1368.221
|l MZK
|r Sklad / do 1 hodiny
|n 0
|p p.v.
|w 001559732
|u 000010
|a 1
|e BOA001
|j MZK50
|s P
|
| 996 |
7 |
|
|b 2610674130
|c 2-1368.221
|l MZK
|r Sklad / do 1 hodiny
|n 5
|p kup
|w 001559732
|u 000020
|a 1
|e BOA001
|j MZK50
|s A
|